{"text_format":"3","workbook":"xlsx","n_sheets":2,"sheets":["SUMMARY","TAKE-OFF"],"not_rendered":{"images":2,"defined_names":4},"read":"whole","date_system":"1900"}

{"sheet":"SUMMARY","index":0,"n_rows":16,"n_cols":3,"rows_kept":16,"merged":[[10,0,10,1],[11,0,11,2],[15,0,15,1]]}
[]
["Project ID:","Honeysuckle House"]
[]
["Address:","Gore Lane, Alderley Edge SK9 7S9"]
[]
["No. of Floors:",2]
[]
["DIVISION NO.","DESCRIPTION","TOTAL DIV. COST"]
[1000,"General Requirements",{"$f":"'TAKE-OFF'!N19","v":0}]
[22000,"Plumbing",{"$f":"'TAKE-OFF'!N42","v":{"v":36135.504199999996,"d":"£36,135.50"}}]
["PROJECTED COST",null,{"$f":"SUM(C9:C10)","v":{"v":36135.504199999996,"d":"£36,135.50"}}]
[]
["OVERHEAD AND PROFIT",{"v":0.2,"d":"20%"},{"$f":"C11*B13","v":{"v":7227.100839999999,"d":"£7,227.10"}}]
["INSURANCE",{"v":0.03,"d":"3%"},{"$f":"C11*B14","v":{"v":1084.0651259999997,"d":"£1,084.07"}}]
["CONTINGENCY",{"v":0.05,"d":"5%"},{"$f":"C11*B15","v":{"v":1806.7752099999998,"d":"£1,806.78"}}]
["SUGGESTED BASE BID",null,{"$f":"SUM(C11:C15)","v":{"v":46253.445375999996,"d":"£46,253.45"}}]

{"sheet":"TAKE-OFF","index":1,"n_rows":53,"n_cols":14,"rows_kept":53,"merged":[[42,0,42,8],[43,0,43,11],[44,0,44,11],[45,0,45,11],[46,0,46,11],[47,0,47,8]]}
[]
[]
["Project: ",{"$f":"SUMMARY!B2","v":"Honeysuckle House"}]
[]
["Address:",{"$f":"SUMMARY!B4","v":"Gore Lane, Alderley Edge SK9 7S9"}]
[]
["Scope:","Plumbing"]
[]
["Date:",{"$f":"TODAY()","v":"2024-09-20"}]
["SR #","REF","DESCRIPTION","QUANTITY","UNIT","WASTAGE","QUANTITY W/ WASTAGE","MATERIAL RATE","LABOR RATE","EQUIPMENT RATE","MATERIAL COSTS","LABOR COSTS","EQUIPMENT COSTS","SUB COST"]
[null,1000,"GENERAL REQUIREMENTS"]
[1,null,"Supervision and Coordination",1,"LS",{"v":0,"d":"0%"},{"$f":"(F12*D12)+D12","v":{"v":1,"d":"1.00"}},{"$f":"IF(G12=0,\"\",0)","v":0},{"$f":"IF(G12=0,\"\",0)","v":0},{"$f":"IF(G12=0,\"\",0)","v":0},{"$f":"IF(H12=\"\",\"\",H12*G12)","v":0},{"$f":"IF(I12=\"\",\"\",I12*G12)","v":0},{"$f":"IF(J12=\"\",\"\",J12*G12)","v":0},{"$f":"IF(D12=\"\",\"\",(L12+K12+M12))","v":0}]
[{"$f":"A12+1","v":2},null,"Submittals and Shop drawings",1,"LS",{"v":0,"d":"0%"},{"$f":"(F13*D13)+D13","v":{"v":1,"d":"1.00"}},{"$f":"IF(G13=0,\"\",0)","v":0},{"$f":"IF(G13=0,\"\",0)","v":0},{"$f":"IF(G13=0,\"\",0)","v":0},{"$f":"IF(H13=\"\",\"\",H13*G13)","v":0},{"$f":"IF(I13=\"\",\"\",I13*G13)","v":0},{"$f":"IF(J13=\"\",\"\",J13*G13)","v":0},{"$f":"IF(D13=\"\",\"\",(L13+K13+M13))","v":0}]
[{"$f":"A13+1","v":3},null,"Final Cleaning",1,"LS",{"v":0,"d":"0%"},{"v":1,"d":"1.00"},0,0,0,0,0,0,0]
[4,null,"Mobilization Costs",1,"LS",{"v":0,"d":"0%"},{"v":1,"d":"1.00"},0,0,0,0,0,0,0]
[5,null,"Bond @ 2%",1,"LS",{"v":0,"d":"0%"},{"$f":"(F16*D16)+D16","v":{"v":1,"d":"1.00"}},{"$f":"IF(G16=0,\"\",0)","v":0},{"$f":"IF(G16=0,\"\",0)","v":0},{"$f":"IF(G16=0,\"\",0)","v":0},0,0,0,0]
[6,null,"Temporary Control & Facilities",1,"LS",{"v":0,"d":"0%"},{"v":1,"d":"1.00"},0,0,0,0,0,0,0]
[]
[{"$nulls":12},"SUBTOTAL",{"$f":"SUM(N12:N18)","v":0}]
[]
[null,22000,"PLUMBING"]
[{"$f":"IF(D22=0,\"\",1+MAX(A$12:A21))","v":""},null,"Waste Pipe",{"$nulls":4},{"$f":"IF(G22=0,\"\",0)","v":""},{"$f":"IF(G22=0,\"\",0)","v":""},{"$f":"IF(G22=0,\"\",0)","v":""},{"$f":"IF(H22=\"\",\"\",H22*G22)","v":""},{"$f":"IF(I22=\"\",\"\",I22*G22)","v":""},{"$f":"IF(J22=\"\",\"\",J22*G22)","v":""},{"$f":"IF(D22=\"\",\"\",(L22+K22+M22))","v":""}]
[{"$f":"IF(D23=0,\"\",1+MAX(A$12:A22))","v":7},null,"Sanitary Pipes",164.93,"M",{"v":0.1,"d":"10%"},{"$f":"(F23*D23)+D23","v":{"v":181.423,"d":"181.42"}},{"v":18.4,"d":"£18.40"},{"v":7.5,"d":"£7.50"},{"$f":"IF(G23=0,\"\",0)","v":0},{"$f":"IF(H23=\"\",\"\",H23*G23)","v":{"v":3338.1832,"d":"£3,338.18"}},{"$f":"IF(I23=\"\",\"\",I23*G23)","v":{"v":1360.6725000000001,"d":"£1,360.67"}},{"$f":"IF(J23=\"\",\"\",J23*G23)","v":0},{"$f":"IF(D23=\"\",\"\",(L23+K23+M23))","v":{"v":4698.8557,"d":"£4,698.86"}}]
[{"$f":"IF(D24=0,\"\",1+MAX(A$12:A23))","v":""},{"$nulls":6},{"$f":"IF(G24=0,\"\",0)","v":""},{"$f":"IF(G24=0,\"\",0)","v":""},"","","","",""]
[{"$f":"IF(D25=0,\"\",1+MAX(A$12:A24))","v":""},null,"Vent pipes",{"$nulls":4},"","","","","","",""]
[{"$f":"IF(D26=0,\"\",1+MAX(A$12:A25))","v":8},null,"Vent Pipe",190.12,"M",{"v":0.1,"d":"10%"},{"v":209.132,"d":"209.13"},{"v":20.4,"d":"£20.40"},{"v":7.5,"d":"£7.50"},0,{"v":4266.2928,"d":"£4,266.29"},{"v":1568.49,"d":"£1,568.49"},0,{"v":5834.7828,"d":"£5,834.78"}]
[{"$f":"IF(D27=0,\"\",1+MAX(A$12:A26))","v":""},{"$nulls":6},"","","","","","",""]
[{"$f":"IF(D28=0,\"\",1+MAX(A$12:A27))","v":""},null,"Domestic Pipes",{"$nulls":4},"","","","","","",""]
[{"$f":"IF(D29=0,\"\",1+MAX(A$12:A28))","v":9},null,"Cold Water Pipe",209.51,"M",{"v":0.1,"d":"10%"},{"v":230.46099999999998,"d":"230.46"},{"v":16.5,"d":"£16.50"},{"v":6.8,"d":"£6.80"},0,{"v":3802.6065,"d":"£3,802.61"},{"v":1567.1347999999998,"d":"£1,567.13"},0,{"v":5369.7413,"d":"£5,369.74"}]
[{"$f":"IF(D30=0,\"\",1+MAX(A$12:A29))","v":10},null,"Hot Water Pipe",175.39,"M",{"v":0.1,"d":"10%"},{"v":192.92899999999997,"d":"192.93"},{"v":16.8,"d":"£16.80"},{"v":6.8,"d":"£6.80"},0,{"v":3241.2072,"d":"£3,241.21"},{"v":1311.9171999999999,"d":"£1,311.92"},0,{"v":4553.1244,"d":"£4,553.12"}]
[{"$f":"IF(D31=0,\"\",1+MAX(A$12:A30))","v":""},{"$nulls":6},"","","","","","",""]
[{"$f":"IF(D32=0,\"\",1+MAX(A$12:A31))","v":""},null,"Fittings",{"$nulls":4},"","","","","","",""]
[{"$f":"IF(D33=0,\"\",1+MAX(A$12:A32))","v":11},null,"90 Degree Elbow",{"v":43,"d":"43.00"},"EA",{"v":0,"d":"0%"},{"$f":"(F33*D33)+D33","v":{"v":43,"d":"43.00"}},{"v":28,"d":"£28.00"},{"v":15,"d":"£15.00"},0,{"v":1204,"d":"£1,204.00"},{"v":645,"d":"£645.00"},0,{"v":1849,"d":"£1,849.00"}]
[{"$f":"IF(D34=0,\"\",1+MAX(A$12:A33))","v":12},null,"Tee",{"v":35,"d":"35.00"},"EA",{"v":0,"d":"0%"},{"v":35,"d":"35.00"},{"v":32,"d":"£32.00"},{"v":18,"d":"£18.00"},0,{"v":1120,"d":"£1,120.00"},{"v":630,"d":"£630.00"},0,{"v":1750,"d":"£1,750.00"}]
[{"$f":"IF(D35=0,\"\",1+MAX(A$12:A34))","v":""},{"$nulls":6},"","","","","","",""]
[{"$f":"IF(D36=0,\"\",1+MAX(A$12:A35))","v":""},null,"Plumbing Fixtures",{"$nulls":4},"","","","","","",""]
[{"$f":"IF(D37=0,\"\",1+MAX(A$12:A36))","v":13},null,"Water Closet",{"v":6,"d":"6.00"},"EA",{"v":0,"d":"0%"},{"v":6,"d":"6.00"},{"v":740,"d":"£740.00"},{"v":140,"d":"£140.00"},0,{"v":4440,"d":"£4,440.00"},{"v":840,"d":"£840.00"},0,{"v":5280,"d":"£5,280.00"}]
[{"$f":"IF(D38=0,\"\",1+MAX(A$12:A37))","v":14},null,"Lavatory",{"v":6,"d":"6.00"},"EA",{"v":0,"d":"0%"},{"v":6,"d":"6.00"},{"v":620,"d":"£620.00"},{"v":130,"d":"£130.00"},0,{"v":3720,"d":"£3,720.00"},{"v":780,"d":"£780.00"},0,{"v":4500,"d":"£4,500.00"}]
[{"$f":"IF(D39=0,\"\",1+MAX(A$12:A38))","v":15},null,"Kitchen Sink",{"v":1,"d":"1.00"},"EA",{"v":0,"d":"0%"},{"v":1,"d":"1.00"},{"v":550,"d":"£550.00"},{"v":130,"d":"£130.00"},0,{"v":550,"d":"£550.00"},{"v":130,"d":"£130.00"},0,{"v":680,"d":"£680.00"}]
[{"$f":"IF(D40=0,\"\",1+MAX(A$12:A39))","v":16},null,"Shower",{"v":3,"d":"3.00"},"EA",{"v":0,"d":"0%"},{"v":3,"d":"3.00"},{"v":450,"d":"£450.00"},{"v":90,"d":"£90.00"},0,{"v":1350,"d":"£1,350.00"},{"v":270,"d":"£270.00"},0,{"v":1620,"d":"£1,620.00"}]
[{"$f":"IF(D41=0,\"\",1+MAX(A$12:A40))","v":""},{"$nulls":6},"","","","","","",""]
[{"$nulls":12},"SUBTOTAL",{"$f":"SUM(N22:N41)","v":{"v":36135.504199999996,"d":"£36,135.50"}}]
[]
["PROJECTED COST",{"$nulls":12},{"$f":"SUM(N42,N19)","v":{"v":36135.504199999996,"d":"£36,135.50"}}]
["OVERHEAD AND PROFIT",{"$nulls":11},{"v":0.2,"d":"20%"},{"$f":"N44*M45","v":{"v":7227.100839999999,"d":"£7,227.10"}}]
["INSURANCE",{"$nulls":11},{"v":0.03,"d":"3%"},{"$f":"N44*M46","v":{"v":1084.0651259999997,"d":"£1,084.07"}}]
["CONTINGENCY",{"$nulls":11},{"v":0.05,"d":"5%"},{"$f":"N44*M47","v":{"v":1806.7752099999998,"d":"£1,806.78"}}]
["SUGGESTED BID",{"$nulls":12},{"$f":"N44+N45+N46+N47","v":{"v":46253.445375999996,"d":"£46,253.45"}}]
["Notes:"]
["1.Please verify the equipment's and their prices with owner."]
["2.For tree plantation average prices are use. Please verify according to tree type."]
["3.Online sources are used for pricing."]
["4.Prices can vary depending upon field conditions."]